[Event "SK Schmiden/Cannstatt 1 - SV Nürtingen 1"]
[Site "Oberliga 2019/2020"]
[Date "2019.12.01"]
[Time "10:00:00"]
[Round "4"]
[White "Trachtmann, Mark"]
[Black "Mareck, Sascha"]
[WhiteElo "2253"]
[BlackElo "2106"]
[WhiteTeam "SK Schmiden/Cannstatt 1"]
[BlackTeam "SV Nürtingen 1"]
[Board "2"]
[Result "1/2-1/2"]

1.d4 Nf6 2.c4 g6 3.Nc3 Bg7 4.e4 d6 5.h3 O-O 6.Be3 c5 7.d5 e6
8.Nf3 exd5 9.cxd5 Re8 10.Nd2 a6 11.a4 Nbd7 12.Be2 Rb8 13.O-O
b5 14.axb5 axb5 15.Bxb5 Nh5 16.Rb1 Bd4 17.Nc4 Qf6 18.Qa4 Rd8
19.Ne2 Bxe3 20.Nxe3 Nf4 21.Ng4 Nxe2+ 22.Bxe2 Qg7 23.Qc2 Rb4 24.Ne3
Nf6 25.f3 Nh5 26.b3 Qd4 27.Kf2 Qe5 28.Ke1 f5 29.g4 Ng3 30.Rf2
fxe4 31.f4 1/2-1/2

[Event "SK Schmiden/Cannstatt 1 - SV Nürtingen 1"]
[Site "Oberliga 2019/2020"]
[Date "2019.12.01"]
[Time "10:00:00"]
[Round "4"]
[White "Aring, Gerd"]
[Black "Bach, Edwin"]
[WhiteElo "2155"]
[BlackElo "2175"]
[WhiteTeam "SV Nürtingen 1"]
[BlackTeam "SK Schmiden/Cannstatt 1"]
[Board "3"]
[Result "1/2-1/2"]

1.d4 Nf6 2.c4 e6 3.Nf3 d5 4.Nc3 Be7 5.Bg5 h6 6.Bh4 O-O 7.e3 b6
8.cxd5 Nxd5 9.Nxd5 Bxh4 10.Nxh4 exd5 11.Nf3 Qe7 12.Rc1 Be6 13.Bd3
c5 14.b3 Nd7 15.O-O a5 16.Bb5 Rfc8 17.Qd3 Nf6 18.Ne5 Qd6 19.f4
Rc7 20.Rfd1 Rd8 21.f5 Bc8 22.g4 Bb7 23.Rc2 Rdc8 24.Rdc1 cxd4
25.exd4 Rxc2 26.Rxc2 Rxc2 27.Qxc2 Qb4 28.Qd3 Qe1+ 29.Kg2 Qc1
30.Ba6 Bxa6 31.Qxa6 Qd2+ 32.Kf1 Ne4 33.Qe2 Qxd4 34.Nd3 Kf8 35.Qc2
Nc5 36.Nf2 Qe3 37.Kg2 d4 38.Qc4 Kg8 39.Qd5 d3 40.Qa8+ Kh7 41.Qf3
Qd4 42.h4 d2 43.Nd1 Ne4 44.Kf1 b5 45.Ke2 b4 46.Qd3 Qe5 47.Kf3
Nc3 48.Qxd2 Qe4+ 49.Kg3 Ne2+ 50.Kf2 Nd4 51.Ne3 Qf3+ 52.Ke1 Qh1+
53.Kf2 Qf3+ 54.Ke1 Qh1+ 55.Kf2 Qf3+ 1/2-1/2

[Event "SK Schmiden/Cannstatt 1 - SV Nürtingen 1"]
[Site "Oberliga 2019/2020"]
[Date "2019.12.01"]
[Time "10:00:00"]
[Round "4"]
[White "Holzhäuer, Mathias"]
[Black "Auch, Stefan"]
[WhiteElo "2178"]
[BlackElo "2013"]
[WhiteTeam "SK Schmiden/Cannstatt 1"]
[BlackTeam "SV Nürtingen 1"]
[Board "4"]
[Result "1-0"]

1.e4 d5 2.exd5 Qxd5 3.Nc3 Qd8 4.d4 Nf6 5.Bc4 a6 6.Be3 g6 7.Nf3
Bg7 8.Ne5 O-O 9.Qf3 c6 10.O-O-O e6 11.h4 b5 12.Bd3 Nd5 13.Qg3
Nxc3 14.bxc3 Qd6 15.h5 f6 16.h6 fxe5 17.hxg7 Rf5 18.Bxf5 exf5
19.Qxe5 Qxe5 20.dxe5 Kxg7 21.Rd8 Be6 22.Bh6+ Kf7 23.Bf8 Nd7 24.Rxh7+
Kg8 25.Rg7+ Kh8 26.Rxa8 Nxf8 27.Re7 1-0

[Event "SK Schmiden/Cannstatt 1 - SV Nürtingen 1"]
[Site "Oberliga 2019/2020"]
[Date "2019.12.01"]
[Time "10:00:00"]
[Round "4"]
[White "Gold, Stefan"]
[Black "Niklasch, Oliver"]
[WhiteElo "2013"]
[BlackElo "2229"]
[WhiteTeam "SV Nürtingen 1"]
[BlackTeam "SK Schmiden/Cannstatt 1"]
[Board "5"]
[Result "0-1"]

1.d4 e6 2.Nf3 Nf6 3.e3 b6 4.Bd3 Bb7 5.Nbd2 c5 6.O-O Be7 7.b3
O-O 8.Bb2 Nc6 9.a3 Rc8 10.c4 cxd4 11.exd4 d5 12.Re1 Rc7 13.Qe2
Qa8 14.Rac1 Rd8 15.Qe3 dxc4 16.bxc4 Rcd7 17.Bf1 Qb8 18.Rcd1 Ng4
19.Qe4 h5 20.g3 Nxd4 21.Qxd4 Rxd4 22.Nxd4 Bc5 23.N2b3 Ba8 24.Bg2
Bxg2 25.Kxg2 Qb7+ 26.Kg1 e5 27.h3 Nxf2 28.Kxf2 Bxd4+ 29.Nxd4
exd4 30.Bxd4 Qc8 0-1

[Event "SK Schmiden/Cannstatt 1 - SV Nürtingen 1"]
[Site "Oberliga 2019/2020"]
[Date "2019.12.01"]
[Time "10:00:00"]
[Round "4"]
[White "Löhr, Markus"]
[Black "Kill, Matthias"]
[WhiteElo "2108"]
[BlackElo "2011"]
[WhiteTeam "SK Schmiden/Cannstatt 1"]
[BlackTeam "SV Nürtingen 1"]
[Board "6"]
[Result "1/2-1/2"]

1.d4 g6 2.c4 Bg7 3.e4 d6 4.Nf3 Nf6 5.Nc3 O-O 6.Be2 Na6 7.O-O
e5 8.Be3 Ng4 9.Bg5 Qe8 10.h3 h6 11.Bc1 exd4 12.Nd5 c6 13.hxg4
cxd5 14.exd5 Qe4 15.Nd2 Qe7 16.Nb3 Re8 17.Bf3 Qf6 18.Bd2 1/2-1/2

[Event "SK Schmiden/Cannstatt 1 - SV Nürtingen 1"]
[Site "Oberliga 2019/2020"]
[Date "2019.12.01"]
[Time "10:00:00"]
[Round "4"]
[White "Schwarz, Arnd-Rüdiger"]
[Black "Thoma, Christian"]
[WhiteElo "2156"]
[BlackElo "2156"]
[WhiteTeam "SV Nürtingen 1"]
[BlackTeam "SK Schmiden/Cannstatt 1"]
[Board "7"]
[Result "1-0"]

1.d4 Nf6 2.Nf3 e6 3.c4 b6 4.g3 Ba6 5.Qc2 Bb7 6.Bg2 c5 7.d5 exd5
8.cxd5 Nxd5 9.O-O Be7 10.Rd1 Nc6 11.Qf5 Nf6 12.e4 g6 13.Qf4 Nh5
14.Qh6 Bf8 15.Qd2 Ng7 16.Qc3 f6 17.Bh6 Ne6 18.Bxf8 Rxf8 19.Na3
Ncd4 20.Nxd4 Nxd4 21.Rxd4 cxd4 22.Qxd4 Bc6 23.Nc4 Kf7 24.Nd6+
Kg8 25.h4 Qe7 26.f4 b5 27.Rc1 a5 28.Rc5 b4 29.Bf1 Kg7 30.g4 Qe6
31.f5 gxf5 32.Bc4 1-0

[Event "SK Schmiden/Cannstatt 1 - SV Nürtingen 1"]
[Site "Oberliga 2019/2020"]
[Date "2019.12.01"]
[Time "10:00:00"]
[Round "4"]
[White "Eisele, Steffen"]
[Black "Reutter, Frank"]
[WhiteElo "2195"]
[BlackElo "1937"]
[WhiteTeam "SK Schmiden/Cannstatt 1"]
[BlackTeam "SV Nürtingen 1"]
[Board "8"]
[Result "1-0"]

1.e4 c5 2.Nf3 d6 3.c3 Nf6 4.Bd3 e6 5.O-O Be7 6.Bc2 O-O 7.d4 d5
8.e5 Nfd7 9.Qd3 f5 10.exf6 Nxf6 11.Bg5 c4 12.Qe2 Qb6 13.Nbd2
Bd7 14.b3 cxb3 15.axb3 Nc6 16.Ne5 Be8 17.Ndf3 Rc8 {(=)} 18.Rfe1
Nxe5 19.dxe5 Rxc3 20.exf6 Bxf6 21.Bxf6 Rxf6 22.Rac1 Rc7 23.Qe5
Re7 24.Nd4 Bd7 25.Re3 Ref7 26.Rf3 h6 27.Re1 Rxf3 28.Nxf3 Qc5
29.Bg6 Rf8 30.Nd4 a6 31.h4 Rf6 32.h5 Kf8 33.Qb8+ Qc8 34.Qd6+
Kg8 35.Re2 a5 36.Rc2 Bc6 37.Nxc6 bxc6 38.Rxc6 Qa8 39.Qd7 1-0

[Event "SF Deizisau 2 - Heilbronner SV 1"]
[Site "Oberliga 2019/2020"]
[Date "2019.12.01"]
[Time "10:00:00"]
[Round "4"]
[White "Zuferi, Enis"]
[Black "Dabo-Peranic, Robert"]
[WhiteElo "2299"]
[BlackElo "2322"]
[WhiteTeam "Heilbronner SV 1"]
[BlackTeam "SF Deizisau 2"]
[Board "1"]
[Result "1-0"]

1.d4 d5 2.c4 e6 3.Nc3 c5 4.cxd5 exd5 5.Nf3 Nc6 6.dxc5 d4 7.Na4
Bxc5 8.Nxc5 Qa5+ 9.Bd2 Qxc5 10.Rc1 Qb6 11.e3 Nf6 12.Bc4 O-O 13.O-O
Bg4 14.exd4 Rad8 15.Bc3 Ne5 16.Be2 Nxf3+ 17.Bxf3 Bxf3 18.Qxf3
Nd5 19.Rfe1 Qd6 20.Ba5 Rc8 21.Qf5 Rxc1 22.Rxc1 b6 23.Bd2 g6 24.Qe4
f6 25.h4 Kf7 26.h5 Re8 27.hxg6+ hxg6 28.Qh4 Re2 29.Qh7+ Ke6 30.Qxg6
Rxd2 31.Re1+ Kd7 32.Qe8+ Kc7 33.Rc1+ 1-0

[Event "SF Deizisau 2 - Heilbronner SV 1"]
[Site "Oberliga 2019/2020"]
[Date "2019.12.01"]
[Time "10:00:00"]
[Round "4"]
[White "Köllner, Ruben Gideon"]
[Black "Schmidt, Tobias"]
[WhiteElo "2307"]
[BlackElo "2250"]
[WhiteTeam "SF Deizisau 2"]
[BlackTeam "Heilbronner SV 1"]
[Board "2"]
[Result "1-0"]

1.d4 e6 2.Nf3 Nf6 3.Nbd2 d5 4.e3 c5 5.b3 Nc6 6.Bb2 Bd6 7.a3 O-O
8.Bd3 b6 9.Ne5 Bb7 10.Qf3 cxd4 11.exd4 Qc7 12.Qe2 Rac8 13.f4
Ne7 14.Rc1 Rfe8 15.O-O Ng6 16.g3 Qe7 17.Ra1 Nf8 18.g4 N6d7 19.g5
f6 20.gxf6 gxf6 21.Ng4 Kh8 22.Rf2 Ng6 23.Bxg6 hxg6 24.Qd3 Kg7
25.Rg2 Qf7 26.Rf1 Rh8 27.Ne5 Bxe5 28.fxe5 f5 29.a4 Rh5 30.Nf3
Rch8 31.Bc1 Qe8 32.Kf2 Bc6 33.Bg5 Qf7 34.h4 Kf8 35.Qc3 Nb8 36.Qb4+
Ke8 37.Qd6 Qb7 38.Qxe6+ Kf8 39.Qd6+ Kf7 40.Qf6+ Ke8 41.Qd8+ Kf7
42.e6+ 1-0

[Event "SF Deizisau 2 - Heilbronner SV 1"]
[Site "Oberliga 2019/2020"]
[Date "2019.12.01"]
[Time "10:00:00"]
[Round "4"]
[White "Degenhard, Simon"]
[Black "Fischer, Sebastian"]
[WhiteElo "2188"]
[BlackElo "2246"]
[WhiteTeam "Heilbronner SV 1"]
[BlackTeam "SF Deizisau 2"]
[Board "3"]
[Result "1/2-1/2"]

1.Nf3 f5 2.d4 Nf6 3.g3 g6 4.Bg2 Bg7 5.O-O O-O 6.c4 d6 7.Nc3 Nc6
8.b3 e5 9.dxe5 dxe5 10.Ba3 Re8 11.Qxd8 Rxd8 12.Rad1 e4 13.Ng5
h6 14.Rxd8+ Nxd8 15.Nh3 c6 16.f3 exf3 17.Bxf3 Ne4 18.Nxe4 fxe4
19.Bg2 Bf5 1/2-1/2

[Event "SF Deizisau 2 - Heilbronner SV 1"]
[Site "Oberliga 2019/2020"]
[Date "2019.12.01"]
[Time "10:00:00"]
[Round "4"]
[White "Bronznik, Valerij"]
[Black "Pogan, Nikolas"]
[WhiteElo "2228"]
[BlackElo "2216"]
[WhiteTeam "SF Deizisau 2"]
[BlackTeam "Heilbronner SV 1"]
[Board "4"]
[Result "1-0"]

1.d4 Nf6 2.c4 e6 3.Nc3 Bb4 4.e3 O-O 5.Nge2 Re8 6.a3 Bf8 7.Ng3
d5 8.Be2 b6 9.cxd5 exd5 10.b4 a6 11.O-O Nbd7 12.Qb3 Bb7 13.Bf3
c6 14.a4 b5 15.a5 h6 16.Bd2 g6 17.Rfe1 Bg7 18.e4 dxe4 19.Ngxe4
Nxe4 20.Nxe4 Nf6 21.Nc5 Qc7 22.Rec1 Rac8 23.g3 Nd7 24.Be3 Nxc5
25.Rxc5 Bf8 26.Rc2 Qd6 27.Rb1 Qf6 28.Bg2 Qf5 29.Rbc1 Qd7 30.Rd2
Qd6 31.Rb1 Bg7 32.Bf4 Qd7 33.Rbd1 Qf5 34.Bd6 Qe6 35.Qxe6 Rxe6
36.Bc5 Rce8 37.Bf3 Re1+ 38.Kg2 Rxd1 39.Rxd1 Bf6 40.Rd3 h5 41.Re3
Rxe3 42.fxe3 Bd8 43.e4 f6 44.Bd1 Bc8 45.Bb3+ Kg7 46.Bd6 g5 47.Kf3
Kg6 48.Ke3 f5 49.e5 g4 50.Kd3 h4 51.gxh4 Bxh4 52.e6 Kf6 53.e7
Bd7 54.d5 Bg5 55.dxc6 Bxc6 56.Bd5 Bd7 57.Bb7 Ke6 58.Bc5 Bxe7
59.Bxe7 Kxe7 60.Bxa6 Kd6 61.Bb7 f4 62.Ke4 Kc7 63.Ba8 f3 64.Ke3
Kd6 65.Kf2 Bc8 66.Kg3 Ke5 67.Bc6 Kd4 68.Bxb5 Kc3 69.a6 Kxb4 70.a7
Bb7 71.Ba6 Ba8 72.Kxg4 Ka5 73.Bd3 Kb6 74.h4 Kxa7 75.h5 f2 76.Kf4
Bd5 77.h6 Bg8 78.Ke3 Bh7 79.Be2 Kb6 80.Kxf2 Kc5 81.Ke3 Kd6 82.Bd3
Bg8 83.Kf4 Ke7 84.Kg5 Kf7 85.Bc2 Kf8 86.Kf6 1-0

[Event "SF Deizisau 2 - Heilbronner SV 1"]
[Site "Oberliga 2019/2020"]
[Date "2019.12.01"]
[Time "10:00:00"]
[Round "4"]
[White "Dudek, Richard"]
[Black "Gustain, Marc"]
[WhiteElo "2163"]
[BlackElo "2136"]
[WhiteTeam "Heilbronner SV 1"]
[BlackTeam "SF Deizisau 2"]
[Board "5"]
[Result "0-1"]

1.e4 d5 2.exd5 Qxd5 3.Nc3 Qd8 4.d4 Nf6 5.Nf3 Bg4 6.Be2 e6 7.h3
Bh5 8.Bf4 c6 9.O-O Be7 10.Ne5 Bxe2 11.Nxe2 O-O 12.c4 Nbd7 13.Qc2
Qc8 14.Rfd1 Rd8 15.Rab1 c5 16.dxc5 Nxe5 17.Rxd8+ Qxd8 18.Bxe5
Bxc5 19.b4 Be7 20.Nc3 Rc8 21.Rd1 Qb6 22.Nb5 0-1

[Event "SF Deizisau 2 - Heilbronner SV 1"]
[Site "Oberliga 2019/2020"]
[Date "2019.12.01"]
[Time "10:00:00"]
[Round "4"]
[White "Jelica, Mara"]
[Black "Tschlatscher, Thomas"]
[WhiteElo "2106"]
[BlackElo "2155"]
[WhiteTeam "SF Deizisau 2"]
[BlackTeam "Heilbronner SV 1"]
[Board "6"]
[Result "0-1"]

1.e4 e5 2.Nf3 Nc6 3.Bb5 a6 4.Ba4 Nf6 5.O-O b5 6.Bb3 Be7 7.Re1
O-O 8.c3 d5 9.exd5 Nxd5 10.Nxe5 Nxe5 11.Rxe5 c6 12.d4 Bd6 13.Re1
Qh4 14.g3 {(=)} Qh3 15.Re4 g5 16.Qf1 Qh5 17.Nd2 Bf5 18.Re1 Rae8
19.f3 Bd3 20.Qf2 f5 21.Bxd5+ cxd5 22.Nf1 Rxe1 23.Qxe1 Re8 24.Qd1
Be2 25.Qc2 Bxf1 26.Qxf5 Re1 27.Qxd5+ Kg7 28.Qb7+ Kg6 29.h4 Be2+
30.Kg2 Bxf3+ 31.Qxf3 Rg1+ 0-1

[Event "SF Deizisau 2 - Heilbronner SV 1"]
[Site "Oberliga 2019/2020"]
[Date "2019.12.01"]
[Time "10:00:00"]
[Round "4"]
[White "Brenner, Markus"]
[Black "Lahouel, Kim-Luca"]
[WhiteElo "2030"]
[BlackElo "1995"]
[WhiteTeam "SF Deizisau 2"]
[BlackTeam "Heilbronner SV 1"]
[Board "8"]
[Result "1/2-1/2"]

1.e4 e5 2.Nf3 Nc6 3.d4 exd4 4.Bc4 Bc5 5.c3 dxc3 6.Bxf7+ Kxf7
7.Qd5+ Kf8 8.Qxc5+ d6 9.Qxc3 Nf6 10.Qd3 Bg4 11.Nc3 Nb4 12.Qe2
Qe8 13.h3 Qh5 14.Be3 1/2-1/2